all prem POTM card FC24 - Statistieken

Algemene statistieken
  • Deze quiz is 5 keer genomen
  • De gemiddelde score is 5 van 8
Antwoordstatistieken
rating club nationality position Antwoord % Correct
91 Liverpool Egypt RW Mohamed Salah
100%
89 Liverpool Portugal ST Diogo Jota
80%
89 Tottenham Hotspur South-Korea ST Heung Min Son
80%
88 Manchester United Denmark ST Rasmus Hojlund
80%
88 Bournemouth England ST Dominic Solanke
60%
86 Manchester United England CB Harry Maguire
60%
86 Tottenham Hotspur England CAM James Maddison
60%
87 Fullham Brazil ST Rodrigo Muniz
0%
Geen overeenkomende quizzen gevonden
Scoreverdeling
Procent van Mensen met Elke Score
Percentiel versus Aantal Correcte Antwoorden
Uw Scoregeschiedenis
U heeft deze quiz nog niet genomen